000 00282nam a2200109Ia 4500
001 1272958
005 20260417151438.0
008 260417s9999 xx 000 0 und d
020 _a9789944694346
245 0 _aBilgisayardaki Saklambaç
_cMehmet Atilla
260 _bTudem Yayınları
999 _c1272958
_d1272958